000 00836nam a22002777a 4500
001 BR9510360
003 BR-BrBNA
005 20230928095133.0
007 ta
008 230509b bl.||||| |||| 00| 0 por d
040 _aBR-BrBNA
_bpor
_cBiblioteca Nacional de Agricultura
041 _a(Por)
072 _aC20; E40
090 _ C20 BR9510360
100 1 _aPelzer, C.C.A.
110 1 _aAssociacao de Assistencia Tecnica e Extensao Rural do Territorio Federal de Roraima, Boa Vista (Brasil)
245 1 _aCurso de atualizacao em cooperativismo para tecnicos em extensao rural de Roraima
260 3 _aBoa Vista, RR (Brasil):
_c1978.
300 _a9 p.
650 _aAssistencia Tecnica
650 _aExtensao Rural
650 _aCooperativa
650 _aRoraima
909 _a202309
_bLucia
_c55
_dLucia Elande
942 _cBK
999 _c54741
_d54741